MARC

LEADER 00000nam0a2200000 4500
001 57733
005 20231031054426.0
035 |a (RuTPU)RU\TPU\book\60955 
090 |a 57733 
100 |a 20031117d1980 m y0rusy50 ca 
101 0 |a rus 
102 |a RU 
105 |a a j 001zy 
200 1 |a Статистическая радиотехника. Примеры и задачи.  |e учебное пособие  |f В. Т. Горяинов, А. Г. Журавлев, В. И. Тихонов  |g Под ред. В. Н. Тихонова 
210 |a Москва  |c Советское радио  |d 1980 
215 |a 543 с.  |c ил. 
320 |a Библиогр.: с. 536-540. 
320 |a Предметный указатель: с. 541. 
610 1 |a радиотехника 
610 1 |a статистические методы 
610 1 |a статистические задачи 
610 1 |a случайные величины 
610 1 |a случайные процессы 
610 1 |a радиотехнические устройства 
610 1 |a воздействия 
610 1 |a помехоустойчивость 
610 1 |a информация 
610 1 |a теория 
610 1 |a задачи 
610 1 |a примеры 
610 1 |a учебные пособия 
675 |a 621.396:519.2(076)  |v 3 
700 1 |a Горяинов  |b В. Т.  |g Владимир Тимофеевич 
701 1 |a Журавлев  |b А. Г.  |g Андрей Георгиевич 
701 1 |a Тихонов  |b В. И.  |g Василий Иванович 
702 1 |a Тихонов  |b В. Н.  |g Василий Иванович  |4 340 
801 1 |a RU  |b 63413507  |c 20031117  |g PSBO 
801 2 |a RU  |b 63413507  |c 20211213  |g PSBO 
942 |c BK